Výživové a zdravotné tvrdenia o potravinách so zameraním na probiotiká bakalárska práca CD

Na minha lista:
Detalhes bibliográficos
Autor principal: Rajčová, Timea
Formato: Software Livro
Idioma:inglês
Publicado em: Bratislava STU FCHPT 2013
Acesso em linha:View in OPAC
Tags: Adicionar Tag
Sem tags, seja o primeiro a adicionar uma tag!

MARC

LEADER 00000nam a2200000 a 4500
005 20260127134154.0
007 co ugu
008 131015 000 0 eng d
035 |a vtls010550832 
039 9 |y 201310151139  |z mschk03 
040 |a STUSCHK1  |b slo  |c STUSCHK1  |e AACR2 
100 1 |a Rajčová, Timea 
245 1 |a Výživové a zdravotné tvrdenia o potravinách so zameraním na probiotiká  |b bakalárska práca CD  |c Timea Rajčová 
260 |a Bratislava  |b STU FCHPT  |c 2013 
300 |a 1 optický disk 
500 |a Obhájené: 09.07.2013 
500 |a Štud. program: Výživa-kozmetika-ochrana zdravia 
500 |a Štud. odbor: Potravinárstvo 
500 |a Škol. pracovisko: Odd. potravinárskej technológie 
500 |a Evid. číslo: FCHPT-13046-70172 
910 |a SCHK95 
999 |c 5769  |d 5769